[Event "Barcelona Sant Marti op-B 23rd"]
[Site "Barcelona"]
[Date "2023.07.20"]
[Round "8"]
[White "Leon Gimenez, Alvaro"]
[Black "Sobrevia Castellar, Lluis"]
[Result "1/2-1/2"]
[WhiteElo "1396"]
[BlackElo "1693"]
[PlyCount "150"]
[EventDate "2023.07.13"]
[EventType "swiss"]
[EventRounds "9"]
[EventCountry "ESP"]
[SourceTitle "CBM 215 Extra"]
[Source "ChessBase"]
[SourceDate "2023.09.30"]
[SourceVersion "1"]
[SourceVersionDate "2023.09.30"]
[SourceQuality "1"]

1. d4 Nf6 2. Nf3 g6 3. e3 Bg7 4. b3 d6 5. Bb2 Nbd7 6. Bd3 0-0 7. 0-0 Re8 8. Nbd2 e5 9. dxe5 dxe5 10. Bc4 h6 11. a4 c6 12. e4 Qc7 13. Qe2 Nh7 14. Rfd1 Ndf8 15. Rac1 a6 16. Ra1 Ne6 17. Qe3 Bd7 18. a5 Nhf8 19. h4 c5 20. c3 Rad8 21. Bf1 Bc6 22. Nc4 Bb5 23. Nb6 Bxf1 24. Rxf1 Kh7 25. Nd5 Qc6 26. Rfd1 Nf4 27. Nxf4 Rxd1+ 28. Rxd1 exf4 29. Qxf4 Qxe4 30. Qxf7 Re7 31. Qc4 Qxc4 32. bxc4 Re2 33. Ba1 Ra2 34. Nd2 Rxa5 35. Ne4 b6 36. Bb2 Ra2 37. Rd2 a5 38. Bc1 Ra1 39. Rc2 Be5 40. g3 Ra4 41. Rb2 Rxc4 42. f3 Bxc3 43. Rb1 Bd4+ 44. Kf1 Nd7 45. Bf4 Rb4 46. Rxb4 cxb4 47. Ke2 Nc5 48. Nd2 b5 49. Kd1 a4 50. Kc2 b3+ 51. Kb1 a3 52. Nxb3 Nxb3 53. Ka2 Nc5 54. Kxa3 Nd3 55. Bc7 b4+ 56. Kb3 Bc3 57. Kc4 Ne1 58. f4 Kg7 59. h5 gxh5 60. Bd8 Kg6 61. Be7 Nc2 62. Kd3 Nd4 63. Bxb4 Bxb4 64. Kxd4 Be1 65. Ke3 Bxg3 66. Kf3 h4 67. Kg4 h5+ 68. Kh3 Kf5 69. Kg2 Kxf4 70. Kh3 Kg5 71. Kg2 Kg4 72. Kh1 Bf4 73. Kg2 h3+ 74. Kh1 Kg3 75. Kg1 h2+ 1/2-1/2